000 00815cam a22002651 4500
001 sa 65003027
003 DLC
005 20260227112120.0
008 840613s1964 ii b 000 0 hino
010 _asa 65003027
025 _aPL480:I-H-1998
035 _a(OCoLC)21725880
040 _aDLC
_cCU
_dDLC
042 _apremarc
050 0 0 _aPK1939
_b.P28
100 1 _aPal, Keshav Ram.
245 1 0 _aHindī meṃ prayukta Saṃskr̥ta śabdoṃ meṃ artha parivartana.
_c[Lekhaka] Keśavarāma Pāla.
250 _a[1. saṃskaraṇa]
260 _aMeraṭha,
_bPrācī Prakāśana
_c[1964]
300 _axv, 398 p.
_c22 cm.
500 _aIn Hindi.
500 _aA revision of the author's thesis, Agra University.
504 _aBibliography: p. [389]-391.
650 0 _aHindi language
_xWords
_xHistory.
999 _c62928
_d62928